000 00368nam a2200133Ia 4500
008 220217s9999||||xx |||||||||||||| ||und||
082 _a621.381 5 BAK
100 _aBakshi, U.A Godse, A.P
_91202
245 0 _aLiner integrated circuits and applications
250 _a2nd
260 _aTechnical publications
_bPune
_c2003
300 _b250
650 _aCIRCUITRY
999 _c170597
_d170597